[Event "Høstturnering 2007"]
[Site "Ås, Akershus NOR"]
[Date "2007.11.29"]
[Round "8"]
[White "Furnes, Torstein"]
[Black "Lange, David"]
[Result "0-1"]
[WhiteElo "1548"]
[BlackElo "1468"]
[PlyCount "120"]
[EventDate "2007.09.06"]

1. d4 Nf6 2. c4 g6 3. Nc3 Bg7 4. e4 d6 5. Nf3 O-O 6. Be2 Bg4 7. O-O Nbd7 8. Be3
Bxf3 9. Bxf3 e5 10. Qd2 Nb6 11. Be2 Nfd7 12. f4 exd4 13. Bxd4 Bxd4+ 14. Qxd4
Qf6 15. Qd2 Rae8 16. Nd5 Nxd5 17. exd5 Re4 18. Bg4 Nb6 19. b3 Rfe8 20. g3 h5
21. Bf3 R4e7 22. Rae1 Nd7 23. Rxe7 Rxe7 24. Re1 Nc5 25. Rxe7 Qxe7 26. Qe2 Qxe2
27. Bxe2 Ne4 28. Bd3 Nc5 29. Bc2 Kg7 30. Kf2 Kf6 31. Ke3 b6 32. h3 a5 33. g4
hxg4 34. hxg4 Na6 35. g5+ Kg7 36. f5 Nb4 37. f6+ Kf8 38. Bb1 Ke8 39. Kd4 Na6
40. a3 Kd8 41. Kc3 Nc5 42. b4 axb4+ 43. axb4 Nd7 44. Kd4 Ne5 45. Be4 Kc8 46. c5
bxc5+ 47. bxc5 Kb7 48. cxd6 cxd6 49. Kc3 Kb6 50. Kb4 Nd7 51. Bc2 Nf8 52. Ba4
Nh7 53. Be8 Nxg5 54. Kc4 Kc7 55. Kd3 Kd8 56. Ba4 Nh7 57. Bb3 Nxf6 58. Ke3 Ke7
59. Kf4 Nh7 60. Bc2 f5 0-1

[Event "Høstturnering 2007"]
[Site "Ås, Akershus NOR"]
[Date "2007.12.13"]
[Round "9"]
[White "Lea, Per"]
[Black "Pettersen, Erling"]
[Result "0-1"]
[WhiteElo "1569"]
[BlackElo "1316"]
[EventDate "2007.09.06"]
[PlyCount "44"]
1.e4 e5 2.Nf3 d6 3.d4 exd4 4.Nxd4 h6 5.Nc3 Be7 6.Bc4 Nf6 7.O-O O-O
8.f4 c6 9.Kh1 b5 10.Bd3 b4 11.Nce2 c5 12.Nf3 Qc7 13.c3 c4 14.Bb1 Na6
15.cxb4 Nxb4 16.a3 Nc6 17.Qc2 g6 18.Qxc4 Qb6 19.h3 Ba6 20.Qc2 Rac8
21.Qd1 Nh5 22.b4 Bxe2
0-1

[Event "Høstturnering 2007"]
[Site "Ås, Akershus NOR"]
[Date "2007.12.13"]
[Round "9"]
[White "Lange, Holger"]
[Black "Furnes, Torstein"]
[Result "1/2-1/2"]
[WhiteElo "1688"]
[BlackElo "1548"]
[Annotator "Furnes, Torstein"]
[PlyCount "133"]
[EventDate "2007.09.06"]

1. d4 d5 2. c4 e6 3. Nf3 Nf6 4. Bg5 Be7 5. e3 O-O 6. Nc3 Nbd7 7. Bd3 dxc4 8.
Bxc4 b6 9. O-O Bb7 10. Rc1 c5 11. Qe2 cxd4 12. Nxd4 Nc5 $6 (12... Ne8 $5) 13.
Rfd1 Qb8 14. Bf4 e5 15. Bg3 Nce4 16. Nf5 Bb4 17. Nd5 Nxd5 18. Qg4 g6 19. Bxd5
Bxd5 20. Rxd5 Nxg3 ({Jeg vurderte også} 20... Nf6 $5 21. Nh6+ Kg7 22. Bxe5 Qxe5
23. Rxe5 Nxg4 24. Nxg4 Rac8 25. Rxc8 Rxc8) 21. hxg3 a5 22. a3 Bc5 23. Nh6+ Kg7
24. Nf5+ Kh8 25. Nh4 Re8 (25... Rd8) 26. Rcd1 Bf8 27. Rd7 Ra7 $2 (27... Re7)
28. Rxa7 $6 (28. Qf3 Rxd7 29. Rxd7 f5 30. Qc6 {er sterkt for hvit.}) 28... Qxa7
29. Rd7 Qb8 $2 (29... Qa8 {må spilles.}) 30. Rxf7 $6 (30. Qf3 f5 31. Qc6 {
gir samme gode stilling som i analysen i det 28. trekket.}) 30... Qd6 31. Qf3 (
31. Nf3) 31... e4 $6 {Diagram #} 32. Qg4 $6 {
Hvit kunne nå vunnet bonde med en liten kombinasjon.} (32. Rxh7+ Kxh7 33. Qf7+
Bg7 34. Qxe8) 32... Bg7 $4 33. Qe2 $2 (33. Rxg7 $1 {
og svart kan ikke slå tårnet pga.} Kxg7 34. Nf5+) 33... Qe6 34. Rb7 g5 35. Qb5
gxh4 36. Rxb6 Qc8 37. gxh4 Rd8 38. Rb7 Qg4 39. g3 (39. Qg5) 39... Qf3 $6 {
Fritz 10 foreslår følgende variant:} (39... Qd1+ 40. Kh2 Qf3 41. Rxg7 Rd1 42.
Rxh7+ Kxh7 43. Qb7+ Kg6 44. Qc6+ Kg7 45. Qb7+ Qf7 46. Qxe4 Qxf2+ 47. Kh3 Qf1+
48. Kg4 a4 $19) 40. Rd7 $6 (40. Rb8) 40... Rf8 $6 (40... Rc8 $19) 41. Rd2 Rc8
42. Kh2 h6 43. Qf1 $6 (43. Qe2) 43... Be5 $6 (43... a4) 44. Qh3 $2 (44. Qa6)
44... Rc1 45. Qg2 $4 {Diagram #} Qxg2+ $4 {
Her hadde jeg sjansen til en fin forsert vinst med det stille trekket Dg4!} (
45... Qg4 $1 46. Qh3 Rh1+ $1 47. Kxh1 Qxh3+ 48. Kg1 Bxg3 49. fxg3 Qxg3+ 50. Kf1
Qxe3 $19) 46. Kxg2 Rb1 47. Rd5 Bc7 48. Rb5 Kg8 49. Kh3 Rc1 50. b4 axb4 51. Rxb4
Bd6 52. Rxe4 Bxa3 53. Kg4 Kg7 54. Ra4 Be7 55. Ra7 Kf6 56. Ra6+ Kg7 57. e4 Rc2
58. f3 (58. f4) 58... Rc5 59. Ra7 Kf7 60. h5 Rg5+ 61. Kh4 $2 (61. Kf4) 61...
Ra5+ 62. Rxe7+ Kxe7 63. g4 Kf6 64. f4 Rb5 (64... Ra4) 65. e5+ Kg7 (65... Ke6)
66. g5 hxg5+ 67. Kxg5 {Diagram # Her hadde begge spillerne ca. tre og et halvt
minutt igjen på resten av partiet. Hvit foreslo remis, og jeg tok imot pga den
dårlige tiden. En tablebase-analyse av stillingen viser imidlertid at svart
kan fremtvinge matt i 26 trekk. I denne stillingen har svart 8 vinsttrekk, 7
remistrekk og kun 1 tapstrekk. Hadde jeg vunnet dette partiet, ville jeg blitt
en av 6(!) spillere på delt førsteplass med 6 poeng, men jeg ville antagelig
blitt ca. nr. 4 på kvalitet.} ({En hovedvariant videre er:} 67. Kxg5 Rb2 68.
Kf5 Kf7 69. e6+ Ke7 70. h6 Rh2 71. Kg6 Kxe6 72. f5+ Ke7 73. f6+ Kf8 74. f7 Rf2
75. h7 Rh2 {osv.}) 1/2-1/2

[Event "Klubbmesterskap 2007"]
[Site "Ås, Akershus NOR"]
[Date "2007.01.19"]
[Round "1"]
[White "Lea, Per"]
[Black "Høva, Frode"]
[PlyCount "82"]
[WhiteElo "1587"]
[BlackElo "1591"]
[EventDate "2007.01.18"] 
[Result "0-1"]
1.e4 g6 2.d4 d6 3.c4 Bg7 4.Nc3 Nf6 5.Nf3 O-O 6.Be2 e5 7.d5 a5 8.O-O
Nbd7 9.Qc2 Nh5 10.g3 Nc5 11.Nh4 Nf6 12.f4 exf4 13.Bxf4 Bh3 14.Rfe1
Re8 15.Bf3 Ng4 16.Bd2 Bd4+ 17.Kh1 Nf2+ 18.Kg1 Nfd3+ 19.Be3 Nxe1 20.
Rxe1 Bxe3+ 21.Rxe3 Qg5 22.Re2 Re7 23.a3 Qf6 24.Rf2 Qd4 25.Ne2 Qe3 26.
Ng2 Bxg2 27.Kxg2 Nxe4 28.Bxe4 Qxe4+ 29.Qxe4 Rxe4 30.b3 Rae8 31.Nc3 Re3
32.Nb5 R8e7 33.Rb2 Re2+ 34.Rxe2 Rxe2+ 35.Kh3 Re7 36.b4 axb4 37.axb4
Kg7 38.c5 dxc5 39.bxc5 Kf6 40.d6 cxd6 41.Nxd6 Ke5
0-1

[Event "Klubbmesterskap 2007"]
[Site "Ås, Akershus NOR"]
[Date "2007.01.18"]
[Round "1"]
[White "Simonsen, Steinar"]
[Black "Furnes, Torstein"]
[Result "1/2-1/2"]
[WhiteElo "1439"]
[BlackElo "1509"]
[PlyCount "69"]
[EventDate "2007.01.18"]

1. e4 c5 2. Nf3 Nc6 3. d4 cxd4 4. Nxd4 e5 5. Nb5 d6 6. Be2 Nf6 7. Bg5 a6 8.
Bxf6 gxf6 9. N5c3 Rg8 10. g3 Be6 11. Nd2 d5 12. exd5 Bxd5 13. Nde4 Bxe4 14.
Qxd8+ Rxd8 15. Nxe4 Be7 16. Rd1 Rxd1+ 17. Kxd1 f5 18. Nc3 Bc5 19. Nd5 Rg6 20.
Kc1 Rd6 21. c4 Nb4 22. Nxb4 Bxb4 23. Rd1 Ke7 24. a3 Bc5 25. f3 Rxd1+ 26. Kxd1
Bg1 27. h3 Bf2 28. g4 fxg4 29. hxg4 Kd6 30. Bd3 h6 31. b4 b6 32. Kc2 Be3 33.
Kb3 Bd4 34. a4 a5 35. Be4 1/2-1/2

[Event "Klubbmesterskap 2007"]
[Site "Ås, Akershus NOR"]
[Date "2007.02.15"]
[Round "2"]
[White "Næssvold, Kjell"]
[Black "Lea, Per"]
[WhiteElo "1886"]
[BlackElo "1587"]
[PlyCount "55"]
[EventDate "2007.01.18"] 
[Result "1-0"]
1.Nf3 Nf6 2.d4 d5 3.g3 g6 4.Bg2 Bg7 5.O-O O-O 6.b3 b6 7.Bb2 Bb7 8.
Nbd2 Nbd7 9.c4 c5 10.cxd5 Bxd5 11.Re1 cxd4 12.Bxd4 Nc5 13.Rc1 Rc8 14.
Ba1 e6 15.h3 Qe7 16.b4 Nce4 17.Nxe4 Bxe4 18.a3 Rfd8 19.Qa4 Qb7 20.b5
Rd7 21.Rxc8+ Qxc8 22.Ne5 Bc2 23.Qh4 Rd1 24.Rxd1 Bxd1 25.Nc6 Qd7 26.
Bxf6 Bxe2 27.Bxg7 Bxb5 28.Bh6
1-0

[Event "Klubbmesterskap 2007"]
[Site "Ås, Akershus NOR"]
[Date "2007.01.25"]
[Round "2"]
[White "Furnes, Torstein"]
[Black "Lange, Holger"]
[Result "1/2-1/2"]
[WhiteElo "1509"]
[BlackElo "1662"]
[PlyCount "48"]
[EventDate "2007.01.18"]

1. d4 Nf6 2. c4 e6 3. Nc3 Bb4 4. Qc2 c5 5. e3 Nc6 6. Nf3 O-O 7. Bd3 h6 8. O-O
cxd4 9. exd4 Be7 10. Qe2 d5 11. Be3 dxc4 12. Bxc4 Bd7 13. d5 exd5 14. Nxd5 Nxd5
15. Bxd5 Re8 16. Qc4 Rf8 17. Rad1 Rc8 18. Qe4 Bf6 19. Nd4 Re8 20. Qg6 Ne5 21.
Qg3 Bh4 22. Qf4 Bg5 23. Qg3 Bh4 24. Qf4 Bg5 1/2-1/2

[Event "Klubbmesterskap 2007"]
[Site "Ås, Akershus NOR"]
[Date "2007.02.01"]
[Round "3"]
[White "Lystad, Frank"]
[Black "Furnes, Torstein"]
[Result "1/2-1/2"]
[WhiteElo "1380"]
[BlackElo "1509"]
[PlyCount "59"]
[EventDate "2007.01.18"]

1. d4 d5 2. Nf3 Nf6 3. g3 e6 4. Bg2 Be7 5. O-O O-O 6. Bf4 c5 7. c3 Nc6 8. Qc2
Qb6 9. Be3 Bd7 10. Nbd2 Rac8 11. Qb3 Qxb3 12. Nxb3 cxd4 13. cxd4 Nb4 14. a3 Nc2
15. Rac1 Nxe3 16. fxe3 Bb5 17. Rfe1 Ng4 18. e4 dxe4 19. Ne5 Nxe5 20. dxe5 Rxc1
21. Rxc1 Bc6 22. Nd4 Bd5 23. h4 f5 24. exf6 gxf6 25. Nb5 a6 26. Nc3 Rc8 27. Rd1
Rd8 28. Bxe4 Bxe4 29. Rxd8+ Bxd8 30. Nxe4 1/2-1/2

[Event "Klubbmesterskap 2007"]
[Site "Ås, Akershus NOR"]
[Date "2007.02.15"]
[Round "4"]
[White "Simonsen, Steinar"]
[Black "Lea, Per"]
[WhiteElo "1416"]
[BlackElo "1587"]
[PlyCount "112"]
[EventDate "2007.01.18"] 
[Result "0-1"]
1.e4 e5 2.Nf3 Nc6 3.Bc4 Nf6 4.Nc3 Bc5 5.O-O O-O 6.a3 d6 7.b4 Bb6 8.
d3 Bg4 9.h3 Bh5 10.Be3 Qd7 11.Bb5 a6 12.Bxc6 bxc6 13.Bxb6 cxb6 14.Re1
h6 15.Kh2 g5 16.g4 Nxg4+ 17.hxg4 Qxg4 18.Re3 Qf4+ 19.Kh1 Kh7 20.Ne2
Bxf3+ 21.Kg1 Qg4+ 22.Kf1 f5 23.d4 f4 24.Rc3 Qh3+ 25.Ke1 Qh1+ 26.Kd2
Qxd1+ 27.Rxd1 Bxe4 28.Kc1 Rfd8 29.Rh3 Kg6 30.f3 Bf5 31.Rh2 Rac8 32.
Rdh1 Rh8 33.dxe5 dxe5 34.Rd1 Rcd8 35.Re1 c5 36.b5 axb5 37.Nc3 b4 38.
axb4 cxb4 39.Nb5 Rd5 40.c4 bxc3 41.Nxc3 Rc5 42.Kb2 b5 43.Rd1 h5 44.
Rd6+ Kg7 45.Rb6 Rhc8 46.Ne4 Bxe4 47.fxe4 R8c6 48.Rb8 h4 49.Rg2 Rg6 50.
Rb7+ Kh6 51.Rb8 g4 52.Rh8+ Kg5 53.Rf8 h3 54.Rh2 g3 55.Rxh3 g2 56.Rf5+
Kg4
0-1

[Event "Klubbmesterskap 2007"]
[Site "Ås, Akershus NOR"]
[Date "2007.03.22"]
[Round "4"]
[White "Furnes, Torstein"]
[Black "Høva, Frode"]
[Result "0-1"]
[WhiteElo "1523"]
[BlackElo "1591"]
[Annotator "Furnes,Torstein"]
[PlyCount "80"]
[EventDate "2007.01.18"]

1. d4 g6 2. c4 Bg7 3. e4 d6 4. Nf3 Nf6 5. Nc3 O-O 6. Be2 e5 7. O-O Nc6 8. d5
Ne7 9. Rb1 $6 {Et relativt sjeldent trekk. I databasen til Fritz 10 er det
bare spilt 9 ganger.} Nd7 10. Ne1 f5 11. f3 f4 12. b4 g5 13. Nd3 Nf6 14. c5 h5
15. b5 g4 16. a4 Ng6 17. a5 Rf7 18. Ba3 Bf8 19. Qb3 Rg7 20. b6 gxf3 21. Bxf3
Nh4 $6 {Diagram #} 22. Nxe5 $6 {Springerofferet er Fritz sitt andrevalg og
vurderes til en hvit fordel på ca. 0.85. Men mye bedre var} (22. bxc7 Qxc7 23.
cxd6 Qxa5 (23... Bxd6 $4 24. Nb5) 24. Nxe5 {med hvit fordel (ca. 2.7)}) 22...
dxe5 23. d6+ Kh7 24. bxc7 Qe8 25. Kh1 Qg6 26. Rg1 Ng4 27. Bxg4 Qxg4 $6 {
Diagram # En feil ifølge Fritz. Svart måtte spille} (27... hxg4) 28. c6 $4 {
Dette tidsnød-trekket taper straks. Ifølge Fritz 10 har hvit god fordel etter
både Tbf1 (3.56), Tb2 (3.28), Sd5 (2.89) og Dd1 (2.80). Noen hovedvarianter
angitt av Fritz:} (28. Rbf1 b6 29. c6 Qg6 30. Qd5 Be6 31. d7 Bxd5 32. Nxd5 Bxa3
33. d8=Q Qxc6 34. Qxh4 Bc5 35. Qxh5+ Kg8 36. Qxe5 Bxg1 37. Kxg1 Qc5+ 38. Kh1
Rf8 39. g4 $18) (28. Rb2 f3 29. g3 Ng2 30. a6 bxa6 31. Nd1 (31. Qb8 $2 h4 32.
Nd5 (32. Qxa8 $2 hxg3 $19) 32... Rf7 $19) 31... Be6 32. Nf2 Bxb3 33. Nxg4 hxg4
34. Rxb3 Rc8 35. Rb8 Bxd6 36. cxd6 Rgxc7 37. dxc7 Rxc7 38. Rc1 Rf7 39. Kg1 $18)
(28. Nd5 Qg6 29. Qd3 Rf7 30. a6 b6 31. cxb6 axb6 32. Nxb6 Rxa6 33. Nxc8 Rxa3
34. Qxa3 Rxc7 35. Qh3 Bxd6 36. Rb6 Qg4 37. Nxd6 $18) (28. Qd1 Qg5 29. Qd3 Bg4
30. a6 bxa6 31. Nd5 (31. Rb8 $2 f3 32. Rxa8 $4 fxg2+ 33. Rxg2 Nxg2 34. Qg3 Qd2
$19) 31... Rc8 32. Bb2 Rg6 33. h3 Be6 $18) 28... f3 29. Rb2 fxg2+ 30. Rbxg2 Qf3
31. Qd1 Rxg2 32. Qxf3 Rxg1+ 33. Kxg1 Nxf3+ 34. Kg2 bxc6 35. Kxf3 Bd7 36. Ke3
Rc8 37. Bc5 Rxc7 38. Kd3 Rb7 39. Kc4 Be6+ 40. Kd3 Rd7 0-1

[Event "Klubbmesterskap 2007"]
[Site "Ås, Akershus NOR"]
[Date "2007.03.01"]
[Round "5"]
[White "Lea, Per"]
[Black "Lystad, Frank"]
[WhiteElo "1587"]
[BlackElo "1379"]
[PlyCount "69"]
[EventDate "2007.01.18"] 
[Result "1-0"]
1.e4 c5 2.Nf3 d6 3.d4 cxd4 4.Nxd4 Nf6 5.Nc3 a6 6.Bg5 Nbd7 7.f4 e6 8.
Bc4 h6 9.Bh4 Be7 10.Bxe6 Nc5 11.Bxc8 Rxc8 12.Nf5 Kf8 13.e5 Ng8 14.
Nxe7 Nxe7 15.exd6 f6 16.dxe7+ Qxe7+ 17.Qe2 Qxe2+ 18.Kxe2 Ne6 19.Raf1
Kf7 20.Kd2 Rhd8+ 21.Kc1 b5 22.Bf2 Rd7 23.g3 Rdc7 24.Bb6 Rc6 25.Ba5
Rc5 26.Rd1 Rc4 27.Rhe1 Nf8 28.Rd2 R8c6 29.Ne4 Ra4 30.Nd6+ Rxd6 31.
Rxd6 Rxa5 32.Kb1 Ra4 33.b3 Ra5 34.Rb6 Nd7 35.Rb7
1-0

[Event "Klubbmesterskap 2007"]
[Site "Ås, Akershus NOR"]
[Date "2007.03.01"]
[Round "5"]
[White "Weberg, Øivind"]
[Black "Furnes, Torstein"]
[Result "0-1"]
[WhiteElo "1555"]
[BlackElo "1523"]
[Annotator "Furnes,Torstein"]
[PlyCount "70"]
[EventDate "2007.01.18"]

1. e4 c5 2. Nf3 Nc6 3. d4 cxd4 4. Nxd4 e5 5. Nxc6 bxc6 6. Bc4 Nf6 7. Bg5 Be7 8.
Bxf6 Bxf6 9. Nc3 O-O 10. O-O Qb6 11. b3 Be7 12. Qd3 d6 13. Rad1 Be6 14. Na4 Qc7
15. Nc3 Rad8 16. Bxe6 fxe6 17. Qc4 Qd7 18. Qd3 d5 19. Ne2 Rf6 20. c3 Bc5 21. b4
Bb6 22. Ng3 Qf7 23. Nh1 Rf8 24. Rd2 Rf4 25. exd5 exd5 26. a4 e4 27. Qg3 $6 (27.
Qc2) 27... e3 28. Re2 exf2+ 29. Nxf2 a6 30. a5 Ba7 {Diagram # Jeg synes denne
stillingen er litt morsom. Hvit er helt bundet opp og kan ikke foreta seg mye.
Stillingen er materielt lik, men Fritz vurderer svarts fordel til å være verdt
ca. 4 bønder.} 31. Rc2 ({Fritz vil spille} 31. Re3) 31... h5 32. h4 Qf6 $6 (
32... Qe7 {er mye mer effektivt, f.eks.} 33. Qg5 Qe4) 33. Qg5 $2 (33. Re2 {
var beste mulighet, f.eks.} Rxh4 34. Qe5) 33... Bxf2+ 34. Rcxf2 Rxf2 35. Qxf6
R2xf6 0-1

[Event "Klubbmesterskap 2007"]
[Site "Ås, Akershus NOR"]
[Date "2007.03.15"]
[Round "6"]
[White "Weberg, Øyvind"]
[Black "Lea, Per"]
[WhiteElo "1555"]
[BlackElo "1587"]
[PlyCount "90"]
[Result "0-1"]
1.e4 e5 2.Nf3 Nc6 3.Bb5 a6 4.Ba4 Nf6 5.Qe2 b5 6.Bb3 Be7 7.c3 d6 8.
O-O Bg4 9.d4 exd4 10.Bd5 Nxd5 11.exd5 Bxf3 12.Qxf3 Ne5 13.Qe4 dxc3 14.
Nxc3 O-O 15.a4 Qd7 16.Bf4 Ng6 17.Bg3 f5 18.Qb4 f4 19.axb5 fxg3 20.
hxg3 axb5 21.Qxb5 Qxb5 22.Nxb5 Rxa1 23.Rxa1 Rb8 24.Nxc7 Rxb2 25.f4 Bf6
26.Ne6 Rxg2+ 27.Kxg2 Bxa1 28.Kf3 h6 29.Ke4 Kf7 30.Nd8+ Ke7 31.Ne6 Nf8
32.Nc7 Bc3 33.Nb5 Be1 34.Nd4 Bc3 35.Nf5+ Kd7 36.Kd3 Bf6 37.Ke4 Ng6
38.Ne3 Ne7 39.Ng4 Kc7 40.Ne3 Kb6 41.Kd3 Kc5 42.Ke4 Bd4 43.Nc2 Bf2 44.
g4 Nxd5 45.Kf5 Ne3+
0-1

[Event "Klubbmesterskap 2007"]
[Site "Ås, Akershus NOR"]
[Date "2007.03.31"]
[Round "6"]
[White "Furnes, Torstein"]
[Black "Næssvold, Kjell"]
[Result "0-1"]
[WhiteElo "1523"]
[BlackElo "1886"]
[PlyCount "82"]
[EventDate "2007.01.18"]

1. d4 Nf6 2. c4 c5 3. d5 b5 4. cxb5 a6 5. e3 g6 6. Nf3 Bg7 7. Nc3 O-O 8. bxa6
d6 9. Be2 Bxa6 10. O-O Nbd7 11. e4 Ng4 12. h3 Nge5 13. Nxe5 Nxe5 14. Bxa6 Rxa6
15. f4 Nd7 16. Qe2 Qb6 17. Be3 Rfa8 18. Rfb1 Qb4 19. Qc2 Qc4 20. a4 Rb8 21. Bd2
Rb3 22. a5 Ra8 23. a6 Nb6 24. a7 Nc8 25. Ra4 Rb4 26. Rba1 Qb3 27. Qxb3 Rxb3 28.
Ra6 Rxb2 29. Be1 Rb3 30. Rc6 Nxa7 31. Rc7 Bd4+ 32. Kf1 Kf8 33. Raxa7 Rxa7 34.
Rxa7 Bxc3 35. Bxc3 Rxc3 36. Ke2 f6 37. Rc7 h5 38. Kd2 Rg3 39. e5 fxe5 40. fxe5
dxe5 41. Rxc5 Rxg2+ 0-1

[Event "Klubbmesterskap 2007"]
[Site "Ås, Akershus NOR"]
[Date "2007.03.29"]
[Round "7"]
[White "Lea, Per"]
[Black "Furnes, Torstein"]
[WhiteElo "1587"]
[BlackElo "1523"]
[PlyCount "80"]
[EventDate "2007.01.18"] 
[Result "0-1"]
1.e4 c5 2.Nf3 Nc6 3.d4 cxd4 4.Nxd4 e5 5.Nb5 d6 6.N1c3 a6 7.Na3 b5 8.Nd5 Nf6 9.Bg5 Be7 10.Bxf6 Bxf6 11.c3 O-O 12.Nc2 Bg5 13.a4 bxa4 14.Rxa4 Ne7 15.Ncb4 a5 16.Nxe7+ Qxe7 17.Qa1 Bb7 18.Nd5 Bxd5 19.exd5 Qb7 20.Bc4 Rfb8 21.b3 Qb6 22.O-O Rb7 23.Rb1 Qc5 24.Qa2 Rba7 25.b4 axb4 26.Rbxb4 h6 27.Bd3 g6 28.Rxa7 Rxa7 29.Qc4 Ra1+ 30.Bf1 Qa7 31.g3 Qa3 32.Qc8+ Kg7 33.Rb8 Kf6 34.Kg2 Qc1 35.Qh8+ Kf5 36.Bd3+ e4 37.Qc8+ Kf6 38.Qd8+ Ke5 39.f4+ exf3+ 40.Kh3 Bxd8
0-1

[Event "Klubbmesterskap 2007"]
[Site "Ås, Akershus NOR"]
[Date "2007.04.12"]
[Round "8"]
[White "Lea, Per"]
[Black "Olsen, Trygve"]
[WhiteElo "1587"]
[BlackElo "1263"]
[PlyCount "113"]
[EventDate "2007.01.18"] 
[Result "1-0"]
1.e4 c5 2.Nf3 Nc6 3.d4 cxd4 4.Nxd4 e5 5.Nb5 d6 6.N1c3 a6 7.Na3 Nf6
8.Bg5 Be7 9.Bxf6 Bxf6 10.Nd5 Bg5 11.c3 Ne7 12.Nc2 O-O 13.h4 Nxd5 14.
exd5 Bh6 15.g4 f6 16.Bd3 e4 17.Be2 Qb6 18.b3 e3 19.Qd4 exf2+ 20.Qxf2
Qxf2+ 21.Kxf2 Bf4 22.c4 Be5 23.Rad1 Bd7 24.Nd4 Rae8 25.Bf3 b6 26.Ne6
Rf7 27.Rd2 Rc8 28.Kg2 Kh8 29.g5 Re7 30.Be4 b5 31.Rc2 b4 32.Kf3 Bxe6
33.dxe6 fxg5 34.hxg5 Rf8+ 35.Kg2 g6 36.Bxg6 Rf4 37.Bf7 Rg4+ 38.Kf3
Rxg5 39.c5 d5 40.Rh4 Rg3+ 41.Kf2 a5 42.Rd2 Rg5 43.Rh3 d4 44.Rd1 Rc7
45.Rdh1 Rg7 46.Ke2 Bf4 47.Rh5 Re7 48.Kd3 Be3 49.Rd5 h6 50.c6 Rg3 51.
Rd7 Kg7 52.Rxe7 Bg5+ 53.Kxd4 Bxe7 54.Rc1 Bf6+ 55.Kc4 Bd8 56.e7 Bxe7
57.c7
1-0

[Event "Klubbmesterskap 2007"]
[Site "Ås, Akershus NOR"]
[Date "2007.04.12"]
[Round "8"]
[White "Furnes, Torstein"]
[Black "Hovland, Arne"]
[Result "1/2-1/2"]
[WhiteElo "1548"]
[BlackElo "1635"]
[PlyCount "120"]
[EventDate "2007.01.18"]

1. d4 d5 2. c4 c6 3. e3 Nf6 4. Nf3 a6 5. cxd5 cxd5 6. Bd3 Nc6 7. O-O Bg4 8. Nc3
e6 9. Be2 Bd6 10. Bd2 O-O 11. Rc1 Ne4 12. a3 f5 13. Nxe4 fxe4 14. Ne1 Bxe2 15.
Qxe2 Rf6 16. f4 exf3 17. Nxf3 Qe7 18. e4 dxe4 19. Qxe4 h6 20. d5 exd5 21. Qxd5+
Qe6 22. Qxe6+ Rxe6 23. Rfe1 Rae8 24. Rxe6 Rxe6 25. Re1 Kf7 26. Rxe6 Kxe6 27.
Bc3 g6 28. Kf2 b5 29. Ke3 Kd5 30. h3 Ne7 31. g4 h5 32. Ng5 Bc5+ 33. Kd3 Nc6 34.
Ne4 hxg4 35. hxg4 Be7 36. Nf6+ Ke6 37. Ne4 Ne5+ 38. Kd4 Nxg4 39. Nc5+ Kf5 40.
Nxa6 Bd6 41. Kd5 Be5 42. Nc5 Ne3+ 43. Kc6 Bxc3 44. bxc3 Nc4 45. Kxb5 Nxa3+ 46.
Kb4 Nc2+ 47. Kc4 g5 48. Kd3 Na3 49. Ke3 g4 50. Kf2 Nb1 51. Na4 Kf4 52. c4 Nd2
53. c5 g3+ 54. Kg2 Nf3 55. c6 Nh4+ 56. Kg1 g2 57. Kf2 Nf5 58. Kxg2 Nd6 59. c7
Ke5 60. Nb6 Kd4 1/2-1/2

[Event "Klubbmesterskap 2007"]
[Site "Ås, Akershus NOR"]
[Date "2007.05.03"]
[Round "9"]
[White "Lange, Holger"]
[Black "Lea, Per"]
[Result "1-0"]
[WhiteElo "1669"]
[BlackElo "1569"]
[EventDate "2007.01.18"] 
[PlyCount "81"]
1.e4 e5 2.Nf3 Nc6 3.d4 exd4 4.Bc4 Nf6 5.Ng5 Ne5 6.Qxd4 Nxc4 7.Qxc4 Qe7
8.Nc3 d6 9.O-O h6 10.Nf3 Bg4 11.Nd4 O-O-O 12.f3 Bd7 13.Be3 Kb8 14.a4 c6
15.Rfd1 Bc8 16.Bf4 Nh5 17.Be3 d5 18.Qb3 Ka8 19.Bf2 dxe4 20.Nxe4 f5 21.
Ng3 Nxg3 22.Bxg3 Qb4 23.c3 Qxb3 24.Nxb3 Be7 25.Be5 Rhg8 26.Nd4 g6 27.b4
Bd6 28.Nxc6 Bc5+ 29.Bd4 Bxd4+ 30.Nxd4 Kb8 31.a5 a6 32.Re1 Rge8 33.Kf2 Bd7
34.Rad1 Kc7 35.c4 Ba4 36.Rd2 Rxe1 37.Kxe1 Re8+ 38.Kf2 Re7 39.b5 axb5 40.
Nxb5+ Kb8 41.Rd8# 1-0

[Event "Høstturnering 2006"]
[Site "Ås, Akershus NOR"]
[Date "2006.09.07"]
[Round "1"]
[White "Lea, Per"]
[Black "Stensland, Martin"]
[WhiteElo "1617"]
[BlackElo "1208"]
[PlyCount "73"]
[Result "1-0"]
1.e4 e6 2.d4 d5 3.Nc3 Bb4 4.e5 c5 5.a3 cxd4 6.Qxd4 Bxc3+ 7.Qxc3 Nc6
8.Bb5 Bd7 9.Bf4 Nge7 10.Bxc6 Bxc6 11.Nf3 O-O 12.Nd4 Rc8 13.Qg3 Ng6
14.Bg5 Qb6 15.O-O-O Ba4 16.Be3 Qc7 17.Rd2 Bd7 18.f4 b5 19.h4 Ne7 20.
h5 Nf5 21.Nxf5 exf5 22.h6 g6 23.Qg5 f6 24.exf6 Rf7 25.Bd4 Qa5 26.Rh3
b4 27.Qg3 Ba4 28.Qd3 Bxc2 29.Rxc2 Rxc2+ 30.Kxc2 Rc7+ 31.Kb1 bxa3 32.
bxa3 Qe1+ 33.Ka2 Qc1 34.Bb2 Rc2 35.Qxd5+ Kf8 36.Qd8+ Kf7 37.Qe7+
1-0

[Event "Høstturnering 2006"]
[Site "Ås, Akershus NOR"]
[Date "2006.09.21"]
[Round "3"]
[White "Lea, Per"]
[Black "Hovland, Arne"]
[WhiteElo "1617"]
[BlackElo "1597"]
[PlyCount "36"]
[Result "0-1"]
1.e4 e5 2.Nf3 Nc6 3.Bb5 Nd4 4.Nxd4 exd4 5.O-O Bc5 6.d3 Ne7 7.Bg5 O-O
8.Qh5 d6 9.f4 a5 10.f5 f6 11.Bf4 c6 12.Ba4 d5 13.Rf3 Qe8 14.Qh4 g5
15.Rg3 Nxf5 16.Rxg5+ fxg5 17.Qxg5+ Ng7 18.Be5 Qg6
0-1

[Event "Høstturnering 2006"]
[Site "Ås, Akershus NOR"]
[Date "2006.11.12"]
[Round "4"]
[White "Lea, Per"]
[Black "Lange, Holger"]
[WhiteElo "1617"]
[BlackElo "1669"]
[PlyCount "30"]
[Result "0-1"]
1.e4 c5 2.Nf3 Nc6 3.d4 cxd4 4.Nxd4 Nf6 5.Nc3 d6 6.Bg5 e6 7.f4 Be7 8.
Qd2 h6 9.Bxf6 Bxf6 10.Nxc6 bxc6 11.O-O-O d5 12.exd5 cxd5 13.Bb5+ Bd7
14.Rhe1 O-O 15.g4 Bxc3
0-1

[Event "Høstturnering 2006"]
[Site "Ås, Akershus NOR"]
[Date "2006.10.12"]
[Round "5"]
[White "Lystad, Frank"]
[Black "Lea, Per"]
[WhiteElo "1380"]
[BlackElo "1617"]
[PlyCount "79"]
[Result "1-0"]
1.d4 d5 2.Nf3 Nf6 3.g3 e6 4.Bg2 c5 5.c3 Nc6 6.O-O Be7 7.Be3 b6 8.
Nbd2 O-O 9.Nb3 c4 10.Nbd2 b5 11.Re1 Bb7 12.Bf4 Nh5 13.Be3 f5 14.Nf1
f4 15.gxf4 Nxf4 16.Bxf4 Rxf4 17.Ng3 Qd7 18.Rf1 Bd6 19.Nh5 Rf7 20.Bh3
h6 21.e3 Raf8 22.Bg4 g6 23.Ng3 h5 24.Nxh5 gxh5 25.Bxh5 Rg7+ 26.Kh1
Qe7 27.h3 Qf6 28.Bg4 e5 29.Nh2 exd4 30.cxd4 Bxh2 31.Kxh2 Nb4 32.f4
Nd3 33.Qe2 Qh4 34.Rg1 Re8 35.Rg3 Nxf4 36.Qf3 Nd3 37.Rag1 Qh7 38.Bf5
Rxg3 39.Bxh7+ Kxh7 40.Qf7+
1-0 T

[Event "Høstturnering 2006"]
[Site "Ås, Akershus NOR"]
[Date "2006.10.19"]
[Round "6"]
[White "Lea, Per"]
[Black "Olsen, Trygve"]
[WhiteElo "1617"]
[BlackElo "1208"]
[PlyCount "59"]
[Result "1-0"]
1.e4 e5 2.Nf3 d6 3.d4 exd4 4.Nxd4 c6 5.Bc4 Qf6 6.O-O Nd7 7.f4 Nh6 8.
e5 dxe5 9.fxe5 Qe7 10.Bxh6 Nxe5 11.Bf4 Nxc4 12.Re1 Be6 13.b3 O-O-O 14.
bxc4 c5 15.c3 cxd4 16.cxd4 Qh4 17.g3 Qh3 18.d5 Bg4 19.Qd2 Bc5+ 20.Be3
Bxe3+ 21.Rxe3 Qh6 22.Nc3 Qb6 23.Ne4 Rhe8 24.c5 Qb5 25.a4 Qa6 26.Nd6+
Kd7 27.Rxe8 Rxe8 28.Nxe8 Kxe8 29.Re1+ Kf8 30.Qg5
1-0

[Event "Høstturnering 2006"]
[Site "Ås, Akershus NOR"]
[Date "2006.11.02"]
[Round "7"]
[White "Lange, David"]
[Black "Lea, Per"]
[WhiteElo "1292"]
[BlackElo "1617"]
[PlyCount "99"]
[Result "1/2-1/2"]
1.c4 Nf6 2.d4 g6 3.Nc3 Bg7 4.e3 O-O 5.Nf3 d5 6.b3 e6 7.c5 b6 8.Ba3
Re8 9.Bb5 c6 10.Bd3 Ba6 11.Ne5 Qc7 12.Rc1 Nfd7 13.Nxd7 Qxd7 14.cxb6
axb6 15.Na4 Bxd3 16.Qxd3 Qa7 17.O-O Qa6 18.Qxa6 Rxa6 19.Bd6 b5 20.Nc3
Nd7 21.a4 bxa4 22.Nxa4 Rc8 23.Rc3 e5 24.dxe5 Bxe5 25.Bxe5 Nxe5 26.Nc5
Rb6 27.h3 f5 28.Rfc1 Nf7 29.Ne6 Nd8 30.Nxd8 Rxd8 31.Rxc6 Rxb3 32.Rd1
Rb4 33.Rc5 d4 34.exd4 Rbxd4 35.Rxd4 Rxd4 36.Rc7 Rd8 37.g4 Rf8 38.gxf5
Rxf5 39.Kg2 Rf7 40.Rxf7 Kxf7 41.Kg3 Kf6 42.Kf4 h6 43.h4 Ke6 44.Kg4
Ke5 45.f3 Kd4 46.h5 g5 47.f4 gxf4 48.Kxf4 Kd5 49.Kf5 Kd6 50.Kg6
1/2-1/2